|
|
แสดงรายละเอียดบรรณานุกรม |
|
|
Brief Record
: Get Marc (ISO 2709)
: E-mail record
: |
|
|
| LEADER 00000nam 2200000uu 4500 | |||
| 001 206134 | |||
| 003 ULIBM | |||
| 008 110621s2007||||th 000 0 eng d | |||
| 020 978-1-4018-1989-7 | |||
| 060 0 WY 18.2 S438n 2007 | |||
| 100 0 ^aSeaback, Wanda. | |||
| 245 00 ^aNursing process concepts&application./^bWanda Seaback. | |||
| 250 ^a 2 nd ed. | |||
| 260 ^aClifton Park, NY :^bDelmar cengage learning,^c2007. | |||
| 300 ^a188 p. ;^bill. | |||
| 650 0 ^aNursing - - ^xProblems,exercises,etc. | |||
| 999 ^aใช้งานได้ทุกระบบ | |||
| คุณยังไม่ได้ล็อกอิน คุณสามารถมีกิจกรรมร่วมกับเว็บไซต์ได้ แต่ต้องล็อกอินก่อน :: |
|
| สถานะ | |||||||||
| 1. | หนังสือทั่วไป | WY 18.2 S438n 2007. | On Shelf ขอยืม | ||||||
| [แสดง 1/1 รายการ] | |||||||||
BibComment |
| คอมเมนท์ทรัพยากรรายการนี้ |
|
|